00799nam a2200229 a 4500001001300000003000900013005001700022008004100039020001000080082001900090100004000109245008100149260005900230300000900289500003500298650003000333700004000363902000800403942000700411952013400418999001700552nice12345678IN_TiNIC20260116015329.0090320s2008 riya grp 000 0 eng  ac10000a323.09538bNAT aNational Society For Human Rights,  aConfirmity of Saudi Laws and Regulations With Basic Human Rights Conventions aRiyadh, KSA bNational Society for Human Rights c2008 a192p aincludes index and biblioraphy aHuman Rights-Saudi Arabia1 aNational Society For Human Rights,  bSRS cBK 001040708StackRoom-aHMIbHMId2009-03-20g100.00l1o323.09538 NATp11001705r2018-03-06s2017-09-12v100.00w2009-03-20yBK c19270d19270